Medieval urban landscape in northeastern Mesopotamia /
The authors investigate the sites which formed an urban network from 6th to 19th centuries in the region of northeastern Mesopotamia, bounded by the rivers Great Zab, Little Zab and Tigris.
المؤلف الرئيسي:
التنسيق: كتاب الكتروني
اللغة: English
منشور في:
Oxford :
Archaeopress Publishing Ltd,
[2016]
سلاسل:
Archaeopress archaeology.
الموضوعات:
الوصول للمادة أونلاين: Login to view Source
الوسوم: إضافة وسم
رقم الطلب: DS76
| LEADER | 01931nam a2200445 i 4500 | ||
|---|---|---|---|
| 001 | EDZ0001647949 | ||
| 003 | StDuBDS | ||
| 005 | 20230412181909.0 | ||
| 006 | m|||||o||d|||||||| | ||
| 007 | cr ||||||||||| | ||
| 008 | 170117t20162016enka fob 001|0|eng|d | ||
| 020 | |a 9781784915193 (ebook) : |c No price | ||
| 040 | |a StDuBDS |b eng |c StDuBDS |e rda |e pn | ||
| 050 | 4 | |a DS76 | |
| 082 | 0 | 4 | |a 956.7402 |2 23 |
| 100 | 1 | |a Nováček, Karel, |e author. | |
| 245 | 1 | 0 | |a Medieval urban landscape in northeastern Mesopotamia / |c Karel Nováček, Miroslav Melčák, Lenka Starková and Narmin Ali Muhammad Amin ; with contributions by Jan Petřík and Emily Neumeier. |
| 264 | 1 | |a Oxford : |b Archaeopress Publishing Ltd, |c [2016] | |
| 264 | 4 | |c ©2016 | |
| 300 | |a 1 online resource : |b illustrations (black and white, and colour). | ||
| 336 | |a text |2 rdacontent | ||
| 336 | |a still image |2 rdacontent | ||
| 337 | |a computer |2 rdamedia | ||
| 338 | |a online resource |2 rdacarrier | ||
| 490 | 1 | |a Archaeopress archaeology | |
| 500 | |a Previously issued in print:. | ||
| 504 | |a Includes bibliographical references and index. | ||
| 520 | 8 | |a The authors investigate the sites which formed an urban network from 6th to 19th centuries in the region of northeastern Mesopotamia, bounded by the rivers Great Zab, Little Zab and Tigris. | |
| 521 | |a Specialized. | ||
| 588 | |a Description based on online resource; title from home page (viewed on March 6, 2017). | ||
| 651 | 0 | |a Iraq |x Antiquities. | |
| 650 | 0 | |a Islamic civilization. | |
| 650 | 0 | |a Civilization, Arab. | |
| 650 | 0 | |a Cities and towns |z Iraq |x History. | |
| 776 | 0 | 8 | |i Print version : |z 9781784915186 |
| 830 | 0 | |a Archaeopress archaeology. | |
| 856 | 4 | 0 | |3 Archaeopress |u http://library.arce.org:8087/Archaeopress/Products/9781784915186 |
| 942 | |2 lcc |c EBOOK | ||
| 952 | |0 0 |1 0 |4 0 |6 DS0076 |7 1 |9 46234 |a ARCH |b ARCH |d 2023-04-12 |l 0 |o DS76 |r 2023-04-12 00:00:00 |w 2023-04-12 |y EBOOK | ||
| 999 | |c 51892 |d 51892 | ||
